| Tag |
First Indicator |
Second Indicator |
Subfields |
| LEADER |
00000cam a2200000 a 4500 |
| 001 |
in00002786486 |
| 005 |
20150922151656.0 |
| 008 |
121128s2011 okua b s001 0 eng |
| 010 |
|
|
|a 2010031992
|
| 020 |
|
|
|a 9780806141718 (pbk. : alk. paper)
|
| 020 |
|
|
|a 0806141719 (pbk. : alk. paper)
|
| 035 |
|
|
|a (OCoLC)ocn676727063
|
| 035 |
|
|
|a (OCoLC)676727063
|
| 040 |
|
|
|a DLC
|b eng
|c DLC
|d YDX
|d BTCTA
|d YDXCP
|d CDX
|d BWX
|d MIX
|d BDX
|d OCLCA
|d TXA
|d UtOrBLW
|
| 043 |
|
|
|a n-mx---
|
| 049 |
|
|
|a TXAM
|
| 050 |
0 |
0 |
|a BX4705.M738
|b P66 2011
|
| 082 |
0 |
0 |
|a 282.092
|a B
|2 22
|
| 100 |
1 |
|
|a Poole, Stafford.
|
| 245 |
1 |
0 |
|a Pedro Moya de Contreras :
|b Catholic reform and royal power in New Spain, 1571-1591 /
|c Stafford Poole.
|
| 246 |
3 |
|
|a Catholic reform and royal power in New Spain, 1571-1591
|
| 250 |
|
|
|a 2nd ed.
|
| 264 |
|
1 |
|a Norman :
|b University of Oklahoma Press,
|c [2011]
|
| 264 |
|
4 |
|c ©2011
|
| 300 |
|
|
|a xiv, 365 pages :
|b illustrations ;
|c 23 cm.
|
| 336 |
|
|
|a text
|b txt
|2 rdacontent
|
| 337 |
|
|
|a unmediated
|b n
|2 rdamedia
|
| 338 |
|
|
|a volume
|b nc
|2 rdacarrier
|
| 504 |
|
|
|a Includes bibliographical references and index.
|
| 600 |
1 |
0 |
|a Moya de Contreras, Pedro,
|d approximately 1530-1591.
|
| 610 |
2 |
0 |
|a Catholic Church
|z Mexico
|x History
|y 16th century.
|
| 651 |
|
0 |
|a Mexico
|x Church history
|y 16th century.
|
| 938 |
|
|
|a Baker and Taylor
|b BTCP
|n BK0009390880
|
| 938 |
|
|
|a YBP Library Services
|b YANK
|n 3604144
|
| 938 |
|
|
|a Blackwell Book Service
|b BBUS
|n 3604144
|
| 938 |
|
|
|a Coutts Information Services
|b COUT
|n 15926082
|
| 938 |
|
|
|a Midwest Library Services
|b MWST
|n 02513822011
|
| 938 |
|
|
|a Brodart
|b BROD
|n 12420301
|c $45.00
|
| 948 |
|
|
|a cataloged
|b h
|c 2013/4/26
|d c
|e junters
|f 1:34:18 pm
|
| 994 |
|
|
|a C0
|b TXA
|
| 999 |
|
|
|a MARS
|
| 999 |
f |
f |
|s 84960ddc-e55c-341f-96d1-cef2adb24982
|i ef33c1a8-f46f-3ecc-ba0e-df939ae6bb2f
|t 0
|
| 952 |
f |
f |
|p noncirc
|a Texas A&M University
|b College Station
|c Cushing Memorial Library & Archives
|d Cushing: Colonial Mexican Imprints (Does not check out)
|t 0
|e BX4705.M738 P66 2011
|h Library of Congress classification
|i unmediated -- volume
|m A14852104521
|
| 998 |
f |
f |
|a BX4705.M738 P66 2011
|t 0
|l Cushing: Colonial Mexican Imprints (Does not check out)
|